|
|
|
|
| LEADER |
00892nam a22002652a 4500 |
| 001 |
000665260 |
| 003 |
CZ BrMZK |
| 005 |
20120611091229.0 |
| 007 |
ta |
| 008 |
030407s1928 xr f cze d |
| 015 |
|
|
|a cnb001291343
|z cnb002025016
|
| 035 |
|
|
|a (OCoLC)85080864
|
| 040 |
|
|
|a BOA001
|b cze
|c BOA001
|
| 100 |
1 |
|
|a Kafka, Josef,
|d 1858-1929
|7 jk01052510
|4 aut
|
| 245 |
1 |
0 |
|a Posázaví :
|b s mapami, plánky a vyobrazeními /
|c Josef Kafka
|
| 250 |
|
|
|a 3. zdokonalené vyd.
|
| 260 |
|
|
|a Praha :
|b Ed. Grégr,
|c 1928
|
| 300 |
|
|
|a 172 s.
|
| 490 |
1 |
|
|a Kafkův Illustrovaný průvodce po království Českém ;
|v 4
|
| 830 |
|
0 |
|a Kafkův illustrovaný průvodce po Království českém
|0 s
|
| 910 |
|
|
|a BOA001
|b 1-0035.787,4
|
| 964 |
|
|
|a Bohemika - stol. 19.
|
| 990 |
|
|
|a BK
|
| 993 |
|
|
|a Y
|
| 996 |
6 |
|
|b 2619307060
|c 1-0035.787,4
|l MZK
|r Sklad / do 1 hodiny
|n 3
|w 000665260
|u 000010
|a 1
|e BOA001
|j MZK50
|s P
|